00411nam a2200145Ia 4500003000900000008004100009040001600050080001800066100002000084245007900104260002800183300001300211650001900224650002200243IN-BaIIA211028s9999 xx 000 0 eng d cIIA Library a523.4-54bLOC aLockyer, Norman 0aInorganic evolution as studied by spectrum analysiscNorman Lockyer  aLondonbMacmillanc1900 ax, 198p. aCosmochemistry aStellar evolution